000
00285 a2200145 4500
003
Nust
005
20230207134724.0
040
_c
Nust
082
_a
961.12,FAC
245
_a
Facts and Figures /
260
_a
Libya
300
_a
159:p
650
_a
Libya
_9
108410
942
_2
ddc
_c
BK
999
_c
187606
_d
187606